| 000 | 00376nam a22001457a 4500 | ||
|---|---|---|---|
| 003 | macl | ||
| 005 | 20180810145650.0 | ||
| 008 | 180810b xxu||||| |||| 00| 0 eng d | ||
| 040 | _cmacl | ||
| 100 |
_aKalam, APJ Abdul _932273 |
||
| 245 | _aMy Life ; an ollustrated Autobiography | ||
| 260 |
_aDelhi _bRed Turtle Rupa _c2015 |
||
| 650 |
_aChilldren _972861 |
||
| 942 |
_2ddc _cBK |
||
| 999 |
_c58297 _d58297 |
||